Clubs de football par silhouette #1 - Facile - Statistiques

Statistiques générales
  • Ce quiz a été pris 482 fois
    435 depuis la dernière actualisation
  • Le résultat moyen est 12 sur 15
Statistiques - réponses
Par images Réponse % Correct
Juventus
98%
Olympique de Marseille
97%
Real Madrid
96%
FC Barcelone
95%
Manchester United
93%
Portugal
92%
Tottenham Hotspur
92%
Liverpool
89%
AS Monaco
86%
Brésil
86%
SS Lazio
86%
Newcastle United
85%
Real Sociedad
83%
Bétis Séville
82%
Nottigham Forest
81%
Bayer 04 Leverkusen
78%
Celta Vigo
78%
AC Milan
77%
France
75%
1.FC Cologne
74%
OGC Nice
73%
RB Leipzig
72%
Wolverhampton
67%
Southampton FC
66%
Borussia Mönchengladbach
45%
Aucun quiz correspondant
Distribution des résultats
% des personnes avec chaque résultat
Percentile par nombre de réponses
Votre historique - résultats
Vous n’avez pas pris ce quiz depuis la dernière actualisation